000 00629nam a22002177a 4500
003 OSt
005 20220917044024.0
008 220917b ||||| |||| 00| 0 eng d
020 _a9789997189349
040 _aSSBUL
_cSSBUL
082 _223
_a026
100 0 _aMaung Maung Thaike Kyaw.
_910939
245 1 0 _aArchive Science /
_cMaung Maung Thaike Kyaw.
260 _aYangon :
_bSMART Publication,
_c2017.
300 _a169 pages ;
_c19 cm.
650 _aArchives
_910940
650 _aArchives
_910940
650 _aHistory
_xSources
_97403
910 _aRecord management, PAC, paper, inks, writing materials
942 _2ddc
_cBK1
999 _c8260
_d8260